| 000 | 00725cam a2200253 a 4500 | ||
|---|---|---|---|
| 001 | 000008047 | ||
| 005 | 20200929154417.0 | ||
| 008 | 800408s1994 sp 000 f spa d | ||
| 020 | _a8423309754 | ||
| 040 |
_aDO-SdBNP _bspa _dBNPHU |
||
| 082 |
_a863.64 _bD353d, 1994 |
||
| 100 | 1 |
_aDelibes, Miguel, _d1920-2010 _93297 |
|
| 245 | 1 | 3 |
_aEl disputado voto del señor Cayo / _cMiguel Delibes. |
| 250 | _a22a ed. | ||
| 260 |
_aBarcelona : _bDestino, _c1994. |
||
| 300 |
_a189 p. ; _c21 cm. |
||
| 490 | 1 |
_aÁncora y delfÍn _v533 |
|
| 650 | 4 |
_aNovela española _91123 |
|
| 650 | 4 |
_aLiteratura española _9632 |
|
| 830 | 0 |
_aÁncora y delfÍn ; _v533 _921956 |
|
| 910 | _aCatalogación derivada | ||
| 910 | _aWM | ||
| 049 | _aBNGR | ||
| 999 |
_c7824 _d7824 |
||